Revitalizácia priestorov v okolí obytných budov

Saved in:
Bibliographic Details
Main Author: Kanás, Matúš (Author)
Other Authors: Majorošová, Martina (Thesis advisor)
Format: Manuscript Book
Language:Slovak
Published: 2024
Subjects:
Online Access:http://is.stuba.sk/zp/portal_zp.pl?podrobnosti=167600
https://opac.crzp.sk/?fn=detailBiblioForm&sid=F0082B7A009D1614B9C618B883AC
Tags: Add Tag
No Tags, Be the first to tag this record!

MARC

LEADER 00000ntm a22000003a 4500
001 stuzp99057
003 SK-STU
005 20240920115228.9
007 ta
008 150427s2015----xo-----f-mn---000-0-slo-d
040 |a STU  |b slo 
041 0 |a slo 
100 1 |a Kanás, Matúš  |u 010160  |4 aut  |U SvF Stavebná fakulta  |T SvF Katedra vodného hospodárstva krajiny  |X 114982  |U V160  |Y 16  |7 114982 
242 0 1 |a Revitalization of sites around apartment buildings  |y eng 
245 1 0 |a Revitalizácia priestorov v okolí obytných budov 
260 |c 2024 
650 4 |a revitalizácia  |2 slo 
650 4 |a zeleň  |2 slo 
650 4 |a vnútroblok  |2 slo 
650 4 |a vegetation  |2 eng 
650 4 |a inner block  |2 eng 
650 4 |a revitalization  |2 eng 
700 1 |a Majorošová, Martina  |u 010160  |k Z1  |4 ths  |U SvF Stavebná fakulta  |T SvF Katedra vodného hospodárstva krajiny  |X 68887  |U V160  |Y 16  |7 A000068887 
856 4 |u http://is.stuba.sk/zp/portal_zp.pl?podrobnosti=167600 
856 4 |u https://opac.crzp.sk/?fn=detailBiblioForm&sid=F0082B7A009D1614B9C618B883AC